ORGANIZATION THEORY : (Registro nro. 53944)
[ vista simple ]
| 000 -LEADER | |
|---|---|
| fixed length control field | 01069nam a2200217 a 4500 |
| 001 - CONTROL NUMBER | |
| control field | 53944 |
| 005 - DATE AND TIME OF LATEST TRANSACTION | |
| control field | 20180714044455.0 |
| 008 - FIXED-LENGTH DATA ELEMENTS--GENERAL INFORMATION | |
| fixed length control field | 140415s2003 000 0 spa d |
| 020 ## - INTERNATIONAL STANDARD BOOK NUMBER | |
| International Standard Book Number | 0130330647 |
| 041 ## - LANGUAGE CODE | |
| Language code of text/sound track or separate title | spa |
| 082 ## - DEWEY DECIMAL CLASSIFICATION NUMBER | |
| Classification number | 658.4 |
| Item number | HOD |
| 100 1# - MAIN ENTRY--PERSONAL NAME | |
| Personal name | HODGE, B. J. |
| 245 10 - TITLE STATEMENT | |
| Title | ORGANIZATION THEORY : |
| Remainder of title | A STRATEGIC |
| 250 ## - EDITION STATEMENT | |
| Edition statement | 6a ed. |
| 260 ## - PUBLICATION, DISTRIBUTION, ETC. | |
| Place of publication, distribution, etc. | [s.l.] : |
| Name of publisher, distributor, etc. | PEARSON EDUCATION, |
| Date of publication, distribution, etc. | 2003 |
| 300 ## - PHYSICAL DESCRIPTION | |
| Extent | 185 |
| Dimensions | 21 x 2 x 26 |
| 490 ## - SERIES STATEMENT | |
| Series statement | FINANZAS |
| 520 ## - SUMMARY, ETC. | |
| Summary, etc. | THE SIXTH EDITION OF ORGANIZATION THEORY: A STRATEGIC APPROACH CONTINUES TO PRESENT A BALANCE OF THEORY, RESEARCH, AND PRACTICE. THEORY AND RESEARCH ARE NECESSARY TO PROVIDE COHERENCE, CERTAINTY, AND PREDICTABILITY IN AN OTHERWISE INCOHERENT, UNCERTAIN, AND UNPREDITABLE WORLD. HOWEVER, IN PRESENTIG THEORY AND RESEARCH, WE MAINTAIN A BELIEF THAT THEORY AND RESEARCH, EW MAINTAIN A BELIEF THAT THEORY AND RESEARCH SHOULD PROVIDE PRACTICAL VALUE TO THE INHABITANTS OF ORGANIZATIONS. |
| 650 14 - SUBJECT ADDED ENTRY--TOPICAL TERM | |
| Topical term or geographic name entry element | ADMINISTRACION |
| General subdivision | ORGANIZACION |
| 700 1# - ADDED ENTRY--PERSONAL NAME | |
| Personal name | ANTHONY, WILLIAM P. -GALES, LAWRENCE M. |
| Relator term | coaut. |
| Withdrawn status | Lost status | Source of classification or shelving scheme | Damaged status | Not for loan | Collection code | Home library | Current library | Shelving location | Date acquired | Source of acquisition | Inventory number | Total Checkouts | Full call number | Barcode | Date last seen | Date last checked out | Price effective from | Koha item type |
|---|---|---|---|---|---|---|---|---|---|---|---|---|---|---|---|---|---|---|
| Dewey Decimal Classification | General | Biblioteca Karol Wojtyla | Biblioteca Karol Wojtyla | Sala general | 03/12/2013 | Compra | 151000000000000000014713 | 658.4 HOD | 80201 | 05/01/2026 | 24/02/2017 | 03/12/2013 | Libro |